| 000 | 00420nam a22001217a 4500 | ||
|---|---|---|---|
| 008 | 240715b |||||||| |||| 00| 0 eng d | ||
| 040 |
_aNational Science Library _cNational Science Library |
||
| 080 |
_aR 05(430.2) _bK7 |
||
| 245 |
_aSchriftenreihen: _bAus den verlagen der deutschen demokratischen republik |
||
| 260 |
_aHerausageber: _bDeutscher Buch Export Und Import Gmbh, _c1967 |
||
| 300 | _a25p. | ||
| 942 |
_2udc _cBK |
||
| 999 |
_c64443 _d64443 |
||